| Tag |
First Indicator |
Second Indicator |
Subfields |
| LEADER |
00000cam a2200000 a 4500 |
| 001 |
in00000018852 |
| 005 |
20151007054101.0 |
| 008 |
880613s1987 nyua b 10110 eng d |
| 010 |
|
|
|z 85653749
|
| 035 |
|
|
|a (OCoLC)18077466
|
| 035 |
|
|
|9 AAB3929AM
|
| 040 |
|
|
|a NSA
|c NSA
|d TXA
|d UtOrBLW
|
| 049 |
|
|
|a TXAM
|v [A10990424]
|v 2 [A10990474]
|
| 050 |
|
4 |
|a TK9204
|b .S88 1987
|
| 111 |
2 |
|
|a Symposium on Fusion Engineering
|n (12th :
|d 1987 :
|c Monterey, Calif.)
|
| 245 |
1 |
0 |
|a Proceedings :
|b 12th Symposium on Fusion Engineering, October 12- 16, 1987, Monterey, California /
|c sponsors, Institute of Electrical and Electronic Engineers[and others].
|
| 264 |
|
1 |
|a New York, NY :
|b Institute of Electrical and Electronics Engineers ;
|a Piscataway, NJ :
|b copies from IEEE Service Center,
|c [1987]
|
| 264 |
|
4 |
|c ©1987
|
| 300 |
|
|
|a 2 volumes (xx, 1581 pages) :
|b illustrations ;
|c 29 cm.
|
| 336 |
|
|
|a text
|b txt
|2 rdacontent
|
| 337 |
|
|
|a unmediated
|b n
|2 rdamedia
|
| 338 |
|
|
|a volume
|b nc
|2 rdacarrier
|
| 500 |
|
|
|a Cover title: 1987 Symposium on Fusion Engineering.
|
| 500 |
|
|
|a "IEEE catalog number 87CH2507-2."
|
| 504 |
|
|
|a Includes bibliographies and index.
|
| 650 |
|
0 |
|a Fusion reactors
|v Congresses.
|
| 650 |
|
0 |
|a Controlled fusion
|v Congresses.
|
| 710 |
2 |
|
|a Institute of Electrical and Electronics Engineers.
|
| 740 |
0 |
|
|a 1987 Symposium on Fusion Engineering.
|
| 999 |
|
|
|a MARS
|
| 999 |
f |
f |
|s 3fa1b173-90a2-37c1-bc87-595f0cc0fd3d
|i c2cbe3d6-0e32-3b44-b653-2d757655d4c4
|t 0
|
| 952 |
f |
f |
|p ric
|a Texas A&M University
|b Rellis Campus
|c Joint Library Facility
|d Remote Storage
|t 0
|e TK9204 .S88 1987
|h Library of Congress classification
|i unmediated -- volume
|k v.2
|m A14810990474
|
| 952 |
f |
f |
|p ric
|a Texas A&M University
|b Rellis Campus
|c Joint Library Facility
|d Remote Storage
|t 0
|e TK9204 .S88 1987
|h Library of Congress classification
|i unmediated -- volume
|k v.1
|m A14810990424
|
| 998 |
f |
f |
|a TK9204 .S88 1987
|s v.1-v.2
|t 0
|l Remote Storage
|